000 01151cab a22002295a 4500
001 L143584
008 080520s2008 xxk f 000 0 eng d
035 _a(Sirsi) u143584
041 0 _aeng
100 1 _aJeffries, Elizabeth
245 0 0 _aBuilding for the future?
260 _c2008
490 0 _aEnvironment Information Bulletin
_v(178) May 2008,10-12(3)
520 _aReports that the rating commercial buildings for their energy efficiency may not result in more energy-efficient buildings. Uses Heathrow Airport Terminal 5 as an example. Comments on the limitations of the information in the label. Discusses a number of alternative ways to present the certificate and measure a building's energy performance more comprehensively.
590 _aKA
650 2 4 _aCOMMERCIAL ENERGY PERFORMANCE CERTIFICATES
650 2 4 _aEUROPEAN ENERGY PERFORMANCE OF BUILDINGS DIRECTIVE 2002/91/EC
650 2 4 _aENERGY PERFORMANCE OF BUILDINGS (CERTIFICATES AND INSPECTIONS) (ENGLAND AND WALES) REGULATIONS 2007
651 4 _aEngland and Wales
_y1543-
690 _aENVIRONMENTAL AND LAND CONSULTANCY-ENERGY-ENERGY USE-ENERGY EFFICIENCY
942 _n0
999 _c80233
_d80233